| 000 | 00957nas a2200313 4500 | ||
|---|---|---|---|
| 001 | BR2011003159 | ||
| 003 | BR-BrBNA | ||
| 005 | 20231205115330.0 | ||
| 007 | ta | ||
| 008 | 230509b bl.|||p| |||| 00| 00por d | ||
| 040 |
_aBR-BrBNA _bpor _cBiblioteca Nacional de Agricultura |
||
| 041 | _a(Pt) | ||
| 072 | _aL70 | ||
| 100 | 1 | _aOliveira, A.L. de A. | |
| 100 | 1 | _aZorrón, R. | |
| 100 | 1 | _aRios, M. | |
| 100 | 1 | _aAntunes, F. | |
| 100 | 1 | _aPires Neto, M.A. | |
| 100 | 1 | _aCosta, A.C. da | |
| 245 | 1 | _aEsplenectomia videolaparoscópica em canino: técnica e indicações | |
| 246 | 1 | _aLaparoscopic splenectomy in a canine: technique and indications | |
| 650 | _aCÃO | ||
| 650 | _aCIRURGIA | ||
| 650 | _aBAÇO | ||
| 650 | _aLAPAROTOMIA | ||
| 773 | 0 |
_tRevista Brasileira de Medicina Veterinária (Brazil) _xISSN 0100-2430 _g(Apr-Jun 2007), v. 29(2) p. 78-82 _wBR2011003159 |
|
| 909 |
_a202311 _bLúcia _c55 _dLúcia Elande |
||
| 942 |
_2AGRIS _n0 _cANA |
||
| 999 |
_c213266 _d213266 |
||